Ultimate Modern Warfare 3 Quiz - Statistics

General Stats
  • This quiz has been taken 40 times
  • The average score is 13 of 59
Answer Stats
Hint Answer % Correct
Captain that works for Taskforce 141 who was in many other games such as CoD 2 Price
96%
Works for Taskforce 141, and was the main protagonist of CoD 4 Soap
96%
Playable character who works for Taskforce 141, shot by Russian terrorist leader Yuri Raslov
88%
Main antagonist in game Makarov
81%
Team leader for Delta Force, dies in mine Sandman
77%
Playable character for Delta Force Frost
65%
Helicopter pilot Nikolai
65%
Character in Delta Force, dies in mine, steals Christmas Grinch
58%
Character in Delta Force, dies in mine, named after vehicle Truck
54%
Bomb maker Volk
46%
Mission where you must take down an enemy jammer in New York Black Tuesday
42%
His daughter Alena Vorshevsky
31%
Last mission in game where main antagonist dies Dust to Dust
31%
Mission where you escort bomb maker Iron Lady
31%
Mission in London where you ride a subway to take out the truck bombs Mind the Gap
31%
Mission in Sierra Leone where you must take the cargo in the church Back on the Grid
27%
Mission where CoD 4 Protagonist dies Blood Brothers
27%
Mission where most of Delta Force dies in Siberian mine Down the Rabbit Hole
27%
Mission on airplane where President is kidnapped Turbulence
27%
Russian loyalist, dies while attached to stretcher that explodes Kamarov
23%
Mission in Somalia where you kill Somalian soldiers and escape sandstorm Return to Sender
23%
Mission where you must rescue President's daughter in Berlin Scorched Earth
23%
Mission where you track down bomb maker Bag and Drag
19%
American command base Overlord
19%
Cutscene that is enabled by graphic content. Davis Family Vacation
15%
Mission where you take over a Russian submarine Hunter Killer
15%
Mission that takes place after prologue, and where you control a UGV Persona Non Grata
15%
Team leader, Sgt. for 22nd SAS in "Mind the Gap" Wallcroft
15%
Mission in Prague where you work with Russian loyalist and his men Eye of the Storm
12%
Mission in Hamburg where you save the Vice President Goalpost
12%
Cpl. for 22nd SAS in "Mind the Gap" named after fictional creature Griffin
12%
Russian President President Vorshevsky
12%
Mission where you must take over a castle in Prague Stronghold
12%
Playable character for mission "Turbulence" member of FSO Andrei Harkov
8%
Delta operator in "Iron Lady" Gator
8%
Member of British special air service in Prague mission MacMillan
8%
Playable character in mission "Mind the Gap" Sgt. for 22nd SAS, Marcus Burns
8%
Commander for GIGN was in French mission Sabre
8%
Works for main antagonist in Somalia Waarabe
8%
Sergeant who works for FSO, gets sucked out of airplane Anton Federov
4%
Member of Delta force, killed by an RPG McCoy
4%
Member of anvil team in "Black Tuesday" Worm
4%
Computer analyst who works for Makarov in Prague mission Alexi
0%
Helps FSO escort the president Alyosha Tarkovsky
0%
Only female adviser to Russian President Anya Kovaleva
0%
Close adviser to Russian President Bogdan Sokolov
0%
Works for GIGN, in French mission Faucon
0%
Leader of above Grizzy
0%
FSO Commander in plane mission Leonid Pudovkin
0%
Soldier who works for SAS Meyers
0%
Commander begging for help in beginning of German mission Morel
0%
Russian political officer, also ultranationalist Pavel Morozov
0%
Helped above in mission in Berlin Pvt. Grant
0%
Sergeant who works for SAS Redgrave
0%
Delta force member who is in mission in Berlin Sgt. Kelly
0%
U.S. Army Corporal in New York City mission Soucy
0%
Other member of anvil team Thumper
0%
Works for GIGN, player chooses if he dies, name means "killer" in French Tueur
0%
Official for Russian President Vasili Zhukov
0%
No matching quizzes found
Score Distribution
Percent of People with Each Score
Percentile by Number Answered
Your Score History
You have not taken this quiz